Musáceas : (Registro nro. 11485)

Detalles MARC
000 -LIDER
fixed length control field 00853nam a2200289 a 4500
001 - NÚMERO DE CONTROL
Identificador de número de control 35129
003 - IDENTIFICACDOR DE NÚMERO DE CONTROL
control field DO-SdBNP
005 - DATE AND TIME OF LATEST TRANSACTION
control field 20171102101414.0
007 - CAMPOS FIJOS DE DESCRIPCIÓN FÍSICA
fixed length control field 35129
008 - ELEMENTOS DE LONGITUD FIJA
fixed length control field 861107s2005 dr b f000 0 spa
010 ## - NUMERO DE CONTROL DE BIBLIOTECA DEL CONGRESO
LC control number
040 ## - FUENTE DE CATALOGACIÓN
Agencia que crea de manera original el registro BPMSU
Agencia que realiza la transcripción spa
Agencia que realiza la modificación BPMSU
043 ## - CÓDIGO DE ÁREA GEOGRÁFICA
Geographic area code
050 00 - NÚMERO DE CLASIFICACIÓN BIBLIOTECA DEL CONGRESO
Classification number
Item number
100 2# - ASIENTO PRINCIPAL -- NOMBRE PERSONAL
Nombre personal
110 ## - ASIENTO PRINCIPAL--NOMBRE CORPORATIVO
Nombre corporativo o de jurisdicción Instituto Dominicano de Investigaciones Agropecuarios y Forestales (República Dominicana)
245 10 - MENCIÓN DE TITULO
Título Musáceas :
Mención de responsabilidad
Subtítulo resultados de investigaciones República Dominicana febrero 2015/
260 ## - PUBLICACIÓN, DISTRIBUCIÓN, ETC. (PIE DE IMPRENTA)
Lugar de publicación, distribución, etc Santo Domingo :
Nombre del editor, distribuidor, etc. IDIAF,
Fecha de publicación, distribución, etc 1985.
300 ## - DESCRIPCIÓN FÍSICA
Extensión 115 p. :
Otros detalles físicos il., gráficos
Dimensiones 23 cm.
500 ## - NOTA GENERAL
Nota general
504 ## - NOTA DE BIBLIOGRAFÍA, ETC.
Bibliography, etc
650 #0 - ENCABEZAMIENTO DE MATERIA--TEMÁTICO
Término temático o nombre geográfico como elemento de entrada Banana trade
Subdivisión geográfica El Salvador.
740 0# - ASIENTO SECUNDARIO DE TÍTULOS RELACIONADOS O ANALÍTICOS NO CONTROLADOS
Título analítico o relacionado no controlado Cultivo de musáceas en El Salvador.
942 ## - ADDED ENTRY ELEMENTS (KOHA)
Source of classification or shelving scheme Dewey Decimal Classification
Koha item type Libros
945 ## - INFORMACIÓN DE PROCESAMIENTO LOCAL
Información de procesamiento local Inventariado, 2017/MFF
956 ## - LOCAL ELECTRONIC LOCATION AND ACCESS (OCLC)
Nombre de host VMATEO
Número de acceso 10
Información de compresión 20160922
Trayectoria BPMSU
Nombre Electrónico 0069
Existencias
Withdrawn status Lost status Source of classification or shelving scheme Damaged status Not for loan Collection code Home library Current library Date acquired Source of acquisition Total Checkouts Barcode Date last seen Price effective from Koha item type
    Dewey Decimal Classification     Colección Dominicana Biblioteca Pública Metropolitana Salomé Ureña Biblioteca Pública Metropolitana Salomé Ureña 09/22/2016 SELLAR   BPMSU16090467 09/22/2016 09/22/2016 Libros